Ruttie Jinnah / (Record no. 331541)

000 -LEADER
fixed length control field 01086cam a2200313 a 4500
001 - CONTROL NUMBER
control field 16245131
003 - CONTROL NUMBER IDENTIFIER
control field NUST
005 - DATE AND TIME OF LATEST TRANSACTION
control field 20171004110309.0
008 - FIXED-LENGTH DATA ELEMENTS--GENERAL INFORMATION
fixed length control field 100521s2010 pk b 001 0beng
010 ## - LIBRARY OF CONGRESS CONTROL NUMBER
LC control number 2010343218
020 ## - INTERNATIONAL STANDARD BOOK NUMBER
International Standard Book Number 9780195477047
025 ## - OVERSEAS ACQUISITION NUMBER
Overseas acquisition number P-E-2010343218; 31
040 ## - CATALOGING SOURCE
Original cataloging agency DLC
Transcribing agency DLC
Modifying agency DLC
041 1# - LANGUAGE CODE
Language code of text/sound track or separate title eng
Language code of original urd
042 ## - AUTHENTICATION CODE
Authentication code lcode
050 00 - LIBRARY OF CONGRESS CALL NUMBER
Classification number DS385.J55
Item number H3513 2010
082 ## - DEWEY DECIMAL CLASSIFICATION NUMBER
Classification number 957.9042092
Author Mark HAI
100 1# - MAIN ENTRY--PERSONAL NAME
Personal name Ḥaidar, K̲h̲vājah Raz̤ī,
Dates associated with a name 1946-
9 (RLIN) 5183
240 10 - UNIFORM TITLE
Uniform title Rattī Jinnāḥ.
Language of a work English
245 10 - TITLE STATEMENT
Title Ruttie Jinnah /
Statement of responsibility, etc. Khwaja Razi Haider ; foreword by Syed Jaffar Ahmed.
260 ## - PUBLICATION, DISTRIBUTION, ETC.
Place of publication, distribution, etc. Karachi :
Name of publisher, distributor, etc. Oxford University press,
Date of publication, distribution, etc. 2010.
300 ## - PHYSICAL DESCRIPTION
Extent xxii, 168 p. ;
Dimensions 22 cm.
500 ## - GENERAL NOTE
General note Translated from Urdu.
504 ## - BIBLIOGRAPHY, ETC. NOTE
Bibliography, etc. note Includes bibliographical references (p. [160]-164) and index.
600 10 - SUBJECT ADDED ENTRY--PERSONAL NAME
Personal name Jinnāḥ, Rattī,
Dates associated with a name -1929.
9 (RLIN) 5184
600 10 - SUBJECT ADDED ENTRY--PERSONAL NAME
Personal name Jinnah, Mahomed Ali,
Dates associated with a name 1876-1948.
9 (RLIN) 4251
650 #0 - SUBJECT ADDED ENTRY--TOPICAL TERM
Topical term or geographic name entry element Statesmen's spouses
Geographic subdivision Pakistan
Form subdivision Biography.
9 (RLIN) 5185
906 ## - LOCAL DATA ELEMENT F, LDF (RLIN)
a 7
b cbc
c origode
d 3
e ncip
f 20
g y-gencatlg
942 ## - ADDED ENTRY ELEMENTS (KOHA)
Source of classification or shelving scheme
Koha item type Book
Holdings
Withdrawn status Lost status Source of classification or shelving scheme Damaged status Not for loan Permanent Location Current Location Shelving location Date acquired Total Checkouts Full call number Barcode Date last seen Date last checked out Copy number Price effective from Koha item type
          Central Library (CL) Central Library (CL) Book Cart 10/04/2017 1 923.15491 HAI CL2488 09/01/2022 06/28/2019 1 10/04/2017 Book
© 2023 Central Library, National University of Sciences and Technology. All Rights Reserved.